Bardal - HARD COCK - Statystyki

Ogólne statystyki
  • Ten quiz został rozwiązany 4 razy
  • Średni wynik to 6 z 12
Statystyki odpowiedzi
HARD COCK % Poprawnych
KRAINA WĘDLIN
100%
BANGKOK2025
50%
BARTYCKA FREESTYLE
50%
DOSIAD
50%
GRZESZNI CHŁOPCY
50%
JAJA NA TWARDO
50%
KWP (z moim bratem)
50%
ŁZY *******
50%
ZA OKNEM SYF
50%
ZUGZWANG
50%
BIAŁO MA CZARNYM
0%
UMAR
0%
Nie znaleziono quizów pasujących do podanych kryteriów
Rozkład punktacji
Procent ludzi z każdym wynikiem
Percentyl według liczby udzielonych odpowiedzi
Twoja historia wyników
Nie rozwiązałeś tego quizu